000 00307nam a22001217a 4500
999 _c67579
_d67576
082 _a624
_bISM
100 _aIsmail, M. Abdel Kader
245 _aIntroduction to civil engineering materials
260 _aMalaysia, Univer:
_bTekonologi
_c2007.
300 _a778p.
650 _aCivil engineering
942 _cBK